LEADER 01282nam a2200253 i 4500 001 000000068984 003 CaOOAMICUS 005 20080910000000.0 008 080910s1969 it u000 u ita u 013 $a40156 040 $aSeMil$bita 245 10$aElementi di medicina e psicologia pastorale /$cErmenegildo Florit ... [et al.] ; a cura [di] Agostino Massone. 260 $aVarese :$bOARI,$c1969. 300 $a399 p. ;$c24 cm. 500 $aLezioni svolte durante la 2. Settimana di studi medico-psicologici, tenutosi dal 15 al 21 settembre 1968 presso l'Istituto ĞLa Querceğ di Firenze. 700 1 $aOARI : Settimana di Studi medico-psicologici <2. , 1968 ; Firenze>.$0(OLS)http://semarc/name/34467 700 1 $aMassone, Agostino.$0(OLS)http://semarc/name/4644 700 1 $aFlorit, Ermenegildo .$0(OLS)http://semarc/name/17322 773 0 $tCorso medico-psicologico per sacerdoti e religiosi.$dVarese : OARI, 1968-1970-$g2$w()14398 850 $aSeMil 852 $aSeMil$W1$xVenegono$y1$m2O IV 298$j35137$B35137$CSeMilBibl$Z2$F35140 $81 961 $aOmaggio: Martinelli don Romano 996 $6245$aElementi di medicina e psicologia pastorale$9(OLS)http://semarc/title/12455 996 $6260$aVarese :$bOARI$9(OLS)http://semarc/publisher/31493 LEADER 01057nam a2200253 i 4500 001 000000126240 003 CaOOAMICUS 005 20051206000000.0 008 051206s1994 it u000 u eng u 013 $a98943 040 $aSeMil$bita 100 1 $aVeblen, Thorstein <1857-1929>.$0(OLS)http://semarc/name/22467 245 14$aThe theory of the leisure class /$cThorstein Veblen. 250 $aed. non venale. 260 $a[Milano] :$bCofide,$c1994. 300 $a281 p. ;$c25 cm. 500 $aContiene : Nota (in italiano). - Stampato in 299 esemplari, numerati da 1 a 299 e in 50, numerati da 1. a 50. ; Esemplare n. 34. - Fondo Card. C.M. Martini. 650 4$aVeblen, Thorstein - Opere.$0(OLS)http://semarc/subject/9658 850 $aSeMil 852 $aSeMil$W1$xVenegono$y1$m3M V 165$j80626$B80626$CSeMilBibl$Z2$F106721 $81 941 1 $a4 961 $aOmaggio: Martini Card. Carlo Maria 996 $6245$aThe theory of the leisure class$9(OLS)http://semarc/title/186058 996 $6260$a[Milano] :$bCofide$9(OLS)http://semarc/publisher/39288